Click the Cities in Germany on a Map - Statistics

General Stats
  • This quiz has been taken 39 times
  • The average score is 34 of 60
Answers on the Map
Answers color-coded by a green-red scale on the quiz's map according to % correct below.
 
Answer Stats
Answer % Correct
Hamburg
79%
Berlin
74%
Bremerhaven
74%
Munich
74%
Potsdam
74%
Rostock
74%
Aachen
68%
Bremen
68%
Freiburg im Breisgau
68%
Nuremberg
68%
Ulm
68%
Flensburg
63%
Augsburg
58%
Bielefeld
58%
Cottbus
58%
Dresden
58%
Frankfurt am Main
58%
Kiel
58%
Koblenz
58%
Mönchengladbach
58%
Saarbrücken
58%
Schwerin
58%
Stuttgart
58%
Wiesbaden
58%
Bonn
53%
Chemnitz
53%
Darmstadt
53%
Duisburg
53%
Düsseldorf
53%
Göttingen
53%
Hanover
53%
Heidelberg
53%
Karlsruhe
53%
Leipzig
53%
Magdeburg
53%
Mainz
53%
Mannheim
53%
Münster
53%
Paderborn
53%
Pforzheim
53%
Regensburg
53%
Trier
53%
Tübingen
53%
Wolfsburg
53%
Würzburg
53%
Zwickau
53%
Bochum
47%
Braunschweig
47%
Cologne
47%
Dortmund
47%
Erfurt
47%
Essen
47%
Gelsenkirchen
47%
Jena
47%
Kassel
47%
Lübeck
47%
Oldenburg
47%
Wuppertal
47%
Halle
42%
Osnabrück
42%
No matching quizzes found
Score Distribution
Percent of People with Each Score
Percentile by Number Answered
Your Score History
You have not taken this quiz